01320nam a2200325Ia 4500001001200000003000800012006001900020007001500039008004100054010001700095020003900112020004200151020001800193040002100211035002100232050002300253100002200276245013300298260003800431300003700469440005100506504005100557533015200608650002600760650001900786655002900805710001700834856012600851999001700977ebr10631736CaPaEBRm u cr cn|||||||||110210s2011 ne a sb 001 0 eng d z 2011001567 z9004175210 (hardback : alk. paper) z9789004175211 (hardback : alk. paper) z9789047428664 aCaPaEBRcCaPaEBR a(OCoLC)81220740314aQE791b.P55 2011eb1 aPoinar, George O.14aThe evolutionary history of nematodesh[electronic resource] :bas revealed in stone, amber and mummies /cGeorge O. Poinar, Jr. aLeiden ;aBoston :bBrill,c2011. axix, 429 p. :bill. (some col.). 0aNematology monographs and perspectives ;vv. 9 aIncludes bibliographical references and index. aElectronic reproduction.bPalo Alto, Calif. :cebrary,d2013.nAvailable via World Wide Web.nAccess may be limited to ebrary affiliated libraries. 0aNematodesxEvolution. 0aWorms, Fossil. 7aElectronic books.2local2 aebrary, Inc.40uhttp://site.ebrary.com/lib/rucke/Doc?id=10631736zAn electronic book accessible through the World Wide Web; click to view c52898d52898